000 00805nam a2200253 i 4500
001 69098
003 ES-MaACL
005 20230906170432.0
007 t|
008 040909s1998 sp ||||1| spa d
020 _a84-7068-188-5
080 _a24(081) Edith Stein, Santa
100 1 _aEdith Stein
_cSanta (
_d1891-1942)
_946641
245 1 4 _aLos caminos del silencio interior /
_cEdith Stein ; introducción, traducción y notas de Andrés Bejas y Sabine Spitzlei.
250 _a2ª ed.
260 _aMadrid :
_bEspiritualidad,
_c1998.
300 _a204 p., [14] p. de lám. ;
_c18 cm.
490 1 _aLogos ;
_v33
700 1 _aBejas, Andrés.
_927099
700 1 _aSpitzlei, Sabine.
_9107775
830 0 _aLogos ;
_v33
_9183254
852 _aES-MaACL
_jL-28098
_bR.134034
999 _c69098
_d69098